[Event "1R. XXI Torneo Magistral de Elgoibar - Nazioarteko Xake Txapelketa Elgoibarko"]
[Site "Elgoibar"]
[Date "2011.12.14"]
[Round "1.1"]
[White "Franco Ocampos, Zenon"]
[Black "Forcen Esteban, Daniel"]
[Result "1-0"]
[WhiteElo "2505"]
[BlackElo "2410"]
[PlyCount "63"]
[EventDate "2011.12.14"]

1. Nf3 c5 2. c4 Nc6 3. d4 cxd4 4. Nxd4 Nf6 5. Nc3 Qb6 6. Nb3 e6 7. e3 Be7 8.
Be2 O-O 9. O-O d6 10. e4 Qc7 11. Be3 b6 12. Rc1 Bb7 13. f4 Rac8 14. Bf3 Qb8 15.
g4 Ba6 16. g5 Nd7 17. Nd2 Rfe8 18. Bg2 Bf8 19. Rf3 g6 20. Rh3 Bg7 21. Qe1 Nb4
22. Bf1 f5 23. gxf6 Nxf6 24. Qh4 Qc7 25. Nf3 Qe7 26. a3 Nc6 27. Rd1 Nb8 28. e5
dxe5 29. Nxe5 Nc6 30. Rd7 Qf8 31. Ne4 Nh5 32. Rf7 1-0

[Event "1R. XXI Torneo Magistral de Elgoibar - Nazioarteko Xake Txapelketa Elgoibarko"]
[Site "Elgoibar"]
[Date "2011.12.14"]
[Round "1.2"]
[White "Anton Guijarro, David"]
[Black "Paunovic, Dragan"]
[Result "1/2-1/2"]
[WhiteElo "2469"]
[BlackElo "2528"]
[PlyCount "81"]
[EventDate "2011.12.14"]

1. e4 c5 2. Nf3 e6 3. d4 cxd4 4. Nxd4 a6 5. c4 Nf6 6. Nc3 Bb4 7. Qd3 Qc7 8. a3
Be7 9. Be2 O-O 10. Be3 Nc6 11. Rc1 Ne5 12. Qd1 d6 13. f4 Ng6 14. g3 Re8 15. Nb3
b6 16. h4 h5 17. Nd2 Bb7 18. Bxh5 Nxh5 19. Qxh5 Nf8 20. O-O Nd7 21. Qe2 Bf6 22.
Bf2 Qc6 23. Rfe1 Rac8 24. Qf1 Bxc3 25. Rxc3 f5 26. Qh3 Nf6 27. Rce3 fxe4 28. h5
d5 29. h6 Qd7 30. hxg7 Qxg7 31. Rb3 Ng4 32. Bxb6 dxc4 33. Rc3 e5 34. f5 Rc6 35.
Be3 Rd8 36. Qh4 Rd3 37. Rxd3 exd3 38. Qd8+ Qf8 39. Qg5+ Qg7 40. Qd8+ Qf8 41.
Qg5+ 1/2-1/2

[Event "1R. XXI Torneo Magistral de Elgoibar - Nazioarteko Xake Txapelketa Elgoibarko"]
[Site "Elgoibar"]
[Date "2011.12.14"]
[Round "1.3"]
[White "Gonzalez De La Torre, Santiago"]
[Black "Korneev, Oleg"]
[Result "1-0"]
[WhiteElo "2431"]
[BlackElo "2608"]
[PlyCount "100"]
[EventDate "2011.12.14"]

1. d4 Nf6 2. c4 e6 3. g3 d5 4. Nf3 dxc4 5. Bg2 Bb4+ 6. Bd2 a5 7. O-O O-O 8. Bg5
Nc6 9. e3 h6 10. Bxf6 Qxf6 11. a3 Bd6 12. Nc3 e5 13. d5 Na7 14. Nd2 b5 15. a4
Bf5 16. axb5 Bd3 17. Rxa5 Qd8 18. Qa4 Bxf1 19. Kxf1 Qb8 20. Nxc4 Rd8 21. Ne4
Nxb5 22. Qxb5 Rxa5 23. Qxa5 Qb3 24. Nexd6 Qd1+ 25. Qe1 Qd3+ 26. Kg1 cxd6 27.
Bf1 Qxd5 28. Qa5 Qxa5 29. Nxa5 Rb8 30. b3 d5 31. e4 dxe4 32. Bc4 Rb6 33. Kf1
Kf8 34. Ke2 Ke7 35. Ke3 f5 36. b4 Kd6 37. b5 Kc5 38. Be2 Kd5 39. Nc6 g5 40. f4
exf3 41. Bxf3+ e4 42. Be2 h5 43. Nb4+ Ke5 44. Nc6+ Kd5 45. h4 f4+ 46. gxf4 gxh4
47. f5 h3 48. Kf2 h4 49. Kg1 Rb7 50. Kh2 Rf7 {(Bandera)} 1-0

[Event "1R. XXI Torneo Magistral de Elgoibar - Nazioarteko Xake Txapelketa Elgoibarko"]
[Site "Elgoibar"]
[Date "2011.12.14"]
[Round "1.4"]
[White "Mirzoev, Azer"]
[Black "Etchegaray, Patrice"]
[Result "1-0"]
[WhiteElo "2510"]
[BlackElo "2420"]
[PlyCount "87"]
[EventDate "2011.12.14"]

1. d4 Nf6 2. Nf3 g6 3. g3 Bg7 4. Bg2 O-O 5. O-O d6 6. b3 c5 7. Bb2 cxd4 8. Nxd4
d5 9. Na3 e5 10. Nf3 e4 11. Nd4 Nc6 12. c4 Nxd4 13. Bxd4 Qa5 14. Qc1 dxc4 15.
Nxc4 Qa6 16. Qb2 Bf5 17. Ne3 Rfd8 18. Rac1 Rd7 19. Nxf5 gxf5 20. e3 Rad8 21.
Rc5 Ne8 22. Rxf5 Bxd4 23. exd4 Rxd4 24. Rg5+ Kf8 25. h4 Nf6 26. Qc1 Qd6 27. Rf5
Rd2 28. Qc3 Ke7 29. Bxe4 Qd4 30. Qxd4 R8xd4 31. Bxb7 Ng4 32. Re1+ Kf8 33. a4
Rb2 34. Bc6 Rxb3 35. Bd5 Nh6 36. Rxf7+ Nxf7 37. Bxb3 Rb4 38. Bc2 h6 39. Kg2 Rb2
40. Bg6 Nd6 41. Re6 Rd2 42. a5 Rd4 43. a6 Rd2 44. Bh5 1-0

[Event "1R. XXI Torneo Magistral de Elgoibar - Nazioarteko Xake Txapelketa Elgoibarko"]
[Site "Elgoibar"]
[Date "2011.12.14"]
[Round "1.5"]
[White "Franco Alonso, Alejandro"]
[Black "Astasio Lopez, David"]
[Result "1-0"]
[WhiteElo "2454"]
[BlackElo "2321"]
[PlyCount "65"]
[EventDate "2011.12.14"]

1. d4 d5 2. c4 c6 3. Nf3 Nf6 4. e3 Bf5 5. Nc3 e6 6. Nh4 Bg6 7. Be2 Nbd7 8. O-O
Bd6 9. g3 O-O 10. Nxg6 hxg6 11. Qb3 Rb8 12. Rd1 Qc7 13. Qc2 dxc4 14. Bxc4 b5
15. Bf1 b4 16. Na4 c5 17. dxc5 Nxc5 18. Rxd6 Qxd6 19. Qxc5 Qd1 20. b3 Ne4 21.
Qe5 Qc2 22. Qb2 Qc7 23. Bg2 Nc3 24. Bd2 Nxa4 25. bxa4 Qd7 26. a5 Qa4 27. Bc1
Rfd8 28. a6 Rb6 29. Rb1 Rdb8 30. Qb3 Qa5 31. e4 Rc6 32. a3 Qe5 33. Bf4 1-0

[Event "2R. XXI Torneo Magistral de Elgoibar - Nazioarteko Xake Txapelketa Elgoibarko"]
[Site "Elgoibar"]
[Date "2011.12.15"]
[Round "2.1"]
[White "Forcen Esteban, Daniel"]
[Black "Astasio Lopez, David"]
[Result "1-0"]
[WhiteElo "2410"]
[BlackElo "2321"]
[PlyCount "59"]
[EventDate "2011.12.14"]

1. e4 c5 2. Nf3 e6 3. d4 cxd4 4. Nxd4 Nf6 5. Nc3 Nc6 6. Nxc6 bxc6 7. e5 Nd5 8.
Ne4 Qc7 9. f4 Qb6 10. c4 Bb4+ 11. Ke2 Ba6 12. Kf3 f5 13. exf6 Nxf6 14. c5 Qa5
15. Nd6+ Ke7 16. Bxa6 Qxa6 17. Be3 Nd5 18. Qd4 Rhg8 19. f5 h6 20. Qh4+ g5 21.
fxg6+ Nf6 22. Qxb4 Qd3 23. Rad1 Qxg6 24. g3 Qh5+ 25. Kg2 Raf8 26. Qd2 Nd5 27.
Rhf1 Kd8 28. Bxh6 Rxf1 29. Rxf1 Rh8 30. Nf7+ 1-0

[Event "2R. XXI Torneo Magistral de Elgoibar - Nazioarteko Xake Txapelketa Elgoibarko"]
[Site "Elgoibar"]
[Date "2011.12.15"]
[Round "2.2"]
[White "Etchegaray, Patrice"]
[Black "Franco Alonso, Alejandro"]
[Result "1/2-1/2"]
[WhiteElo "2420"]
[BlackElo "2454"]
[PlyCount "94"]
[EventDate "2011.12.14"]

1. e4 c6 2. d4 d5 3. Nc3 dxe4 4. Nxe4 Bf5 5. Ng3 Bg6 6. h4 h6 7. Nf3 Nd7 8. h5
Bh7 9. Bd3 Bxd3 10. Qxd3 e6 11. Bd2 Ngf6 12. O-O-O Be7 13. Qe2 c5 14. Rhe1 O-O
15. dxc5 Qc7 16. Ne5 Nxc5 17. f4 Rac8 18. Kb1 Na4 19. Bc1 Qb6 20. Ka1 Bb4 21.
Ne4 Nxe4 22. Nd7 Qc6 23. Qxe4 Bxe1 24. Qxc6 Rxc6 25. Nxf8 Bh4 26. Nd7 Rxc2 27.
g4 f6 28. Kb1 Rg2 29. Rd4 b5 30. Rd6 Rxg4 31. Rxe6 Kf7 32. Rc6 Ke7 33. Nc5 Nxc5
34. Rxc5 a6 35. Rc7+ Kd6 36. Ra7 Bg3 37. Rxa6+ Kc7 38. Ra7+ Kc6 39. Ra6+ Kd5
40. Rb6 Bxf4 41. Rxb5+ Kc4 42. Ra5 Kb4 43. Rf5 Bxc1 44. Kxc1 Rg1+ 45. Kc2 Rg2+
46. Kc1 Rg1+ 47. Kc2 Rg2+ 1/2-1/2

[Event "2R. XXI Torneo Magistral de Elgoibar - Nazioarteko Xake Txapelketa Elgoibarko"]
[Site "Elgoibar"]
[Date "2011.12.15"]
[Round "2.3"]
[White "Korneev, Oleg"]
[Black "Mirzoev, Azer"]
[Result "1/2-1/2"]
[WhiteElo "2608"]
[BlackElo "2510"]
[PlyCount "111"]
[EventDate "2011.12.14"]

1. e4 e5 2. Nf3 Nf6 3. d4 Nxe4 4. Bd3 d5 5. Nxe5 Nd7 6. Nc3 Nxe5 7. dxe5 Nxc3
8. bxc3 Be7 9. O-O O-O 10. f4 f5 11. Qe2 Be6 12. Be3 c6 13. c4 Qc7 14. a4 b6
15. h3 g6 16. Kh2 Kg7 17. Rfd1 Rad8 18. cxd5 Bxd5 19. Bc4 Be4 20. Bd4 h5 21.
e6+ Rxd4 22. Rxd4 Qxf4+ 23. Kg1 Bc5 24. c3 Bxd4+ 25. cxd4 Re8 26. Rf1 Qg3 27.
Qd2 h4 28. Rf2 Qd6 29. Re2 Bd5 30. Bxd5 cxd5 31. Qe1 Re7 32. Re5 a6 33. Kh1 b5
34. axb5 axb5 35. Kg1 b4 36. Re3 Qf4 37. Rd3 Qe4 38. Qxb4 Rxe6 39. Rd1 Re7 40.
Rf1 Qe3+ 41. Kh1 Qe2 42. Kh2 Qe6 43. Qc5 Qd7 44. Ra1 Qc7+ 45. Qxc7 Rxc7 46. Ra5
Rd7 47. g3 hxg3+ 48. Kxg3 Kh6 49. Kf4 Rd8 50. Rb5 Kh5 51. Rb7 Rh8 52. Rg7 Kh6
53. Rd7 Re8 54. Rxd5 Re4+ 55. Kf3 Kg5 56. Rd8 1/2-1/2

[Event "2R. XXI Torneo Magistral de Elgoibar - Nazioarteko Xake Txapelketa Elgoibarko"]
[Site "Elgoibar"]
[Date "2011.12.15"]
[Round "2.5"]
[White "Franco Ocampos, Zenon"]
[Black "Anton Guijarro, David"]
[Result "1-0"]
[WhiteElo "2505"]
[BlackElo "2469"]
[PlyCount "95"]
[EventDate "2011.12.14"]

1. Nf3 Nf6 2. c4 g6 3. Nc3 Bg7 4. d4 O-O 5. e4 d6 6. Be2 Bg4 7. Be3 Nfd7 8. d5
Bxc3+ 9. bxc3 Na6 10. Bh6 Re8 11. Ng5 Bxe2 12. Qxe2 Nac5 13. O-O e6 14. Rae1
Qf6 15. Qe3 Ne5 16. Qh3 Nxc4 17. f4 Qh8 18. f5 exf5 19. Nxf7 Kxf7 20. exf5 Rxe1
21. fxg6+ Kxg6 22. Rxe1 Re8 23. Rf1 Re4 24. Bc1 Ne3 25. Bxe3 Rxe3 26. Qxe3 Qe5
27. Qf3 Kg5 28. Qf7 h5 29. Qg8+ Kh6 30. Qf8+ Kg5 31. Qd8+ Kg6 32. h4 Nd3 33.
Rf3 Nf4 34. Rg3+ Kh6 35. Qf8+ Kh7 36. Qg8+ Kh6 37. Kh2 Qf6 38. Qg5+ Qxg5 39.
Rxg5 Ne2 40. c4 Nc3 41. Rg8 b5 42. cxb5 Nxb5 43. Rc8 Kg6 44. a4 Nc3 45. Rxc7
Nxa4 46. Rd7 Nb6 47. Rxd6+ Kf5 48. Kg3 1-0

[Event "3R. XXI Torneo Magistral de Elgoibar - Nazioarteko Xake Txapelketa Elgoibarko"]
[Site "Elgoibar"]
[Date "2011.12.16"]
[Round "3.1"]
[White "Anton Guijarro, David"]
[Black "Forcen Esteban, Daniel"]
[Result "1/2-1/2"]
[WhiteElo "2469"]
[BlackElo "2410"]
[PlyCount "49"]
[EventDate "2011.12.14"]

1. e4 c5 2. Nf3 d6 3. d4 Nf6 4. Nc3 cxd4 5. Nxd4 a6 6. Be2 e6 7. Be3 Be7 8. f4
O-O 9. O-O Qc7 10. a4 Nc6 11. Kh1 Bd7 12. Qe1 Nb4 13. Qg3 Kh8 14. Rac1 d5 15.
e5 Ne4 16. Nxe4 dxe4 17. c4 f6 18. b3 fxe5 19. fxe5 Bc5 20. Rf4 Rxf4 21. Qxf4
Nd3 22. Bxd3 exd3 23. Rf1 h6 24. Qe4 Rf8 25. Rxf8+ 1/2-1/2

[Event "3R. XXI Torneo Magistral de Elgoibar - Nazioarteko Xake Txapelketa Elgoibarko"]
[Site "Elgoibar"]
[Date "2011.12.16"]
[Round "3.2"]
[White "Gonzalez De La Torre, Santiago"]
[Black "Franco Ocampos, Zenon"]
[Result "1-0"]
[WhiteElo "2431"]
[BlackElo "2505"]
[PlyCount "43"]
[EventDate "2011.12.14"]

1. d4 d5 2. c4 c6 3. Nf3 Nf6 4. e3 Bg4 5. Qb3 Qc7 6. Ne5 e6 7. Nc3 Nbd7 8. h3
Bh5 9. g4 Bg6 10. Nxg6 hxg6 11. g5 Ng8 12. e4 dxe4 13. Nxe4 Rh4 14. Bg2 f5 15.
gxf6 gxf6 16. c5 Kf7 17. O-O Re8 18. Bd2 Rh8 19. Rae1 Nh6 20. Bxh6 Rxh6 21. f4
b6 22. Ng5+ 1-0

[Event "3R. XXI Torneo Magistral de Elgoibar - Nazioarteko Xake Txapelketa Elgoibarko"]
[Site "Elgoibar"]
[Date "2011.12.16"]
[Round "3.3"]
[White "Mirzoev, Azer"]
[Black "Paunovic, Dragan"]
[Result "1/2-1/2"]
[WhiteElo "2510"]
[BlackElo "2528"]
[PlyCount "24"]
[EventDate "2011.12.14"]

1. Nf3 Nf6 2. c4 g6 3. Nc3 Bg7 4. g3 O-O 5. Bg2 c6 6. O-O d5 7. cxd5 cxd5 8. d4
Nc6 9. Ne5 e6 10. f4 Nd7 11. Be3 f6 12. Nf3 Nb6 1/2-1/2

[Event "3R. XXI Torneo Magistral de Elgoibar - Nazioarteko Xake Txapelketa Elgoibarko"]
[Site "Elgoibar"]
[Date "2011.12.16"]
[Round "3.4"]
[White "Franco Alonso, Alejandro"]
[Black "Korneev, Oleg"]
[Result "1/2-1/2"]
[WhiteElo "2454"]
[BlackElo "2608"]
[PlyCount "47"]
[EventDate "2011.12.14"]

1. Nf3 d5 2. d4 Nf6 3. c4 c6 4. e3 Bf5 5. Nc3 e6 6. Nh4 Bg6 7. Be2 Nbd7 8. O-O
Bd6 9. g3 Ne4 10. Bd2 Ndf6 11. Be1 O-O 12. Nxg6 hxg6 13. Qc2 Qe7 14. Rd1 Rad8
15. Bd3 Nxc3 16. Bxc3 e5 17. dxe5 Bxe5 18. cxd5 Bxc3 19. Qxc3 Rxd5 20. Bc4 Rxd1
21. Rxd1 Rd8 22. Rxd8+ Qxd8 23. Qd3 Qxd3 24. Bxd3 1/2-1/2

[Event "3R. XXI Torneo Magistral de Elgoibar - Nazioarteko Xake Txapelketa Elgoibarko"]
[Site "Elgoibar"]
[Date "2011.12.16"]
[Round "3.5"]
[White "Astasio Lopez, David"]
[Black "Etchegaray, Patrice"]
[Result "1-0"]
[WhiteElo "2321"]
[BlackElo "2420"]
[PlyCount "113"]
[EventDate "2011.12.14"]

1. d4 Nf6 2. Nf3 g6 3. Nbd2 d5 4. e3 Bg7 5. b4 O-O 6. Be2 b6 7. Bb2 c5 8. bxc5
bxc5 9. dxc5 Qa5 10. O-O Qxc5 11. c4 Nbd7 12. Rc1 Qa5 13. Bc3 Qd8 14. cxd5 Nxd5
15. Bxg7 Kxg7 16. Ne4 N7f6 17. Nxf6 Nxf6 18. Qb3 Be6 19. Qa3 Qd6 20. Qxd6 exd6
21. Bc4 Bxc4 22. Rxc4 Rfc8 23. Ra4 Rc7 24. g4 h6 25. h4 d5 26. g5 Ne4 27. Ra5
Nc3 28. Nd4 Rb8 29. Rc1 Rb4 30. Rc2 Rbc4 31. Rb2 Rd7 32. Rb8 hxg5 33. hxg5 Ne4
34. Ra8 Rcc7 35. f4 Rc1+ 36. Kg2 Rcc7 37. a4 Nc3 38. Kf3 Kh7 39. Nb5 Nxb5 40.
Rxb5 Rb7 41. Rxb7 Rxb7 42. a5 Kg7 43. Ke2 Rb2+ 44. Kd3 Rb3+ 45. Kd4 Rb4+ 46.
Kc3 Rc4+ 47. Kd3 Rc7 48. Kd4 Rd7 49. a6 Re7 50. Kxd5 Rxe3 51. Rxa7 Rf3 52. Rc7
Rxf4 53. a7 Ra4 54. Kc6 Ra1 55. Kb7 Rb1+ 56. Kc8 Ra1 57. Kb8 1-0

[Event "4R. XXI Torneo Magistral de Elgoibar - Nazioarteko Xake Txapelketa Elgoibarko"]
[Site "Elgoibar"]
[Date "2011.12.17"]
[Round "4.1"]
[White "Forcen Esteban, Daniel"]
[Black "Etchegaray, Patrice"]
[Result "1/2-1/2"]
[WhiteElo "2410"]
[BlackElo "2420"]
[PlyCount "76"]
[EventDate "2011.12.14"]

1. e4 c5 2. Nf3 Nc6 3. d4 cxd4 4. Nxd4 e5 5. Nb5 d6 6. N1c3 a6 7. Na3 b5 8. Nd5
Nce7 9. Bg5 f6 10. Be3 Nxd5 11. Qxd5 Rb8 12. O-O-O Qd7 13. Qb3 Rb7 14. c4 Qc6
15. Kb1 b4 16. Nc2 a5 17. c5 dxc5 18. Bc4 a4 19. Qd3 Rd7 20. Bb5 Rxd3 21. Bxc6+
Bd7 22. Rxd3 Bxc6 23. Rhd1 Be7 24. f3 f5 25. exf5 e4 26. Rd6 Bxd6 27. Rxd6 Bd7
28. fxe4 b3 29. axb3 axb3 30. Na3 Nf6 31. Nc4 Nxe4 32. Rd5 Bc6 33. Re5+ Kf7 34.
Re6 Bd5 35. Ne5+ Kf8 36. Nd7+ Kf7 37. Ne5+ Kf8 38. Nd7+ Kf7 1/2-1/2

[Event "4R. XXI Torneo Magistral de Elgoibar - Nazioarteko Xake Txapelketa Elgoibarko"]
[Site "Elgoibar"]
[Date "2011.12.17"]
[Round "4.2"]
[White "Korneev, Oleg"]
[Black "Astasio Lopez, David"]
[Result "1-0"]
[WhiteElo "2608"]
[BlackElo "2321"]
[PlyCount "63"]
[EventDate "2011.12.14"]

1. e4 c5 2. Nf3 e6 3. c3 d5 4. e5 d4 5. Bd3 Nc6 6. O-O Nge7 7. Re1 a6 8. Qe2 b5
9. Be4 Bb7 10. cxd4 cxd4 11. d3 Qb6 12. Nbd2 Rd8 13. Ng5 h6 14. Nh7 Nd5 15.
Nxf8 Kxf8 16. Nf3 Rd7 17. h4 g6 18. Bd2 Kg7 19. Rac1 a5 20. Qd1 Ncb4 21. a3 Na6
22. Nh2 Ne7 23. Qf3 Bxe4 24. dxe4 Ng8 25. Ng4 h5 26. Nf6 Nxf6 27. exf6+ Kg8 28.
Rc8+ Rd8 29. Rec1 Nb8 30. R1c7 Qd6 31. e5 Qf8 32. Qb7 1-0

[Event "4R. XXI Torneo Magistral de Elgoibar - Nazioarteko Xake Txapelketa Elgoibarko"]
[Site "Elgoibar"]
[Date "2011.12.17"]
[Round "4.3"]
[White "Paunovic, Dragan"]
[Black "Franco Alonso, Alejandro"]
[Result "1/2-1/2"]
[WhiteElo "2528"]
[BlackElo "2454"]
[PlyCount "49"]
[EventDate "2011.12.14"]

1. c4 e6 2. Nf3 Nf6 3. Nc3 d5 4. d4 dxc4 5. e3 a6 6. Bxc4 c5 7. O-O b5 8. Bb3
Bb7 9. Qe2 Nbd7 10. e4 cxd4 11. Nxd4 Bc5 12. Nf3 b4 13. Na4 Be7 14. Bc2 Rc8 15.
b3 O-O 16. Rd1 Qa5 17. Bb2 Bc6 18. Rac1 Bxa4 19. bxa4 Nc5 20. Bxf6 Bxf6 21. e5
Be7 22. Nd4 g6 23. Nb3 Nxb3 24. Bxb3 Bg5 25. Rxc8 1/2-1/2

[Event "4R. XXI Torneo Magistral de Elgoibar - Nazioarteko Xake Txapelketa Elgoibarko"]
[Site "Elgoibar"]
[Date "2011.12.17"]
[Round "4.4"]
[White "Franco Ocampos, Zenon"]
[Black "Mirzoev, Azer"]
[Result "1/2-1/2"]
[WhiteElo "2505"]
[BlackElo "2510"]
[PlyCount "31"]
[EventDate "2011.12.14"]

1. d4 d5 2. c4 e6 3. Nc3 Nf6 4. Nf3 Be7 5. Bg5 O-O 6. e3 c6 7. Rc1 Nbd7 8. Bd3
h6 9. Bh4 b6 10. O-O Bb7 11. Qe2 c5 12. cxd5 Nxd5 13. Bxe7 Qxe7 14. Nxd5 Bxd5
15. dxc5 Nxc5 16. Bc4 1/2-1/2

[Event "4R. XXI Torneo Magistral de Elgoibar - Nazioarteko Xake Txapelketa Elgoibarko"]
[Site "Elgoibar"]
[Date "2011.12.17"]
[Round "4.5"]
[White "Anton Guijarro, David"]
[Black "Gonzalez De La Torre, Santiago"]
[Result "1-0"]
[WhiteElo "2469"]
[BlackElo "2431"]
[PlyCount "121"]
[EventDate "2011.12.14"]

1. d4 Nf6 2. c4 e6 3. Nf3 d5 4. Nc3 dxc4 5. Qa4+ c6 6. Qxc4 b5 7. Qd3 Nbd7 8.
g3 Bb7 9. Bg2 b4 10. Ne4 c5 11. Nxf6+ Nxf6 12. Bg5 cxd4 13. Bxf6 gxf6 14. O-O
Qd7 15. Rac1 Rd8 16. Rfd1 Bg7 17. Qc4 Bxf3 18. Bxf3 O-O 19. Qxb4 f5 20. Bc6 Qc7
21. Bf3 Qb8 22. Qxb8 Rxb8 23. Rc7 a5 24. b3 Bf6 25. Ra7 Bd8 26. Rc1 Kg7 27. Rc6
Kg6 28. Kg2 h6 29. Raa6 Rh8 30. h4 Rf8 31. Rd6 Rb5 32. Bd5 f4 33. a3 Rb8 34.
Bc4 fxg3 35. fxg3 Be7 36. Rxd4 Ra8 37. b4 axb4 38. axb4 Rxa6 39. Bxa6 e5 40.
Re4 Rb8 41. Bd3 Kf6 42. b5 Bc5 43. Ra4 Bb6 44. Rc4 Re8 45. Be4 Ba5 46. Kf3 h5
47. Ra4 Bb6 48. Rc4 Ba5 49. Rc6+ Re6 50. Rc8 Kg7 51. Kg2 Be1 52. Ra8 Rf6 53.
Bc6 Bf2 54. Bf3 Bd4 55. Bxh5 Rf2+ 56. Kh3 f5 57. Rd8 Be3 58. Rd3 f4 59. gxf4
exf4 60. Rd1 Kf8 61. Bf3 1-0

[Event "5R. XXI Torneo Magistral de Elgoibar - Nazioarteko Xake Txapelketa Elgoibarko"]
[Site "Elgoibar"]
[Date "2011.12.17"]
[Round "5.1"]
[White "Gonzalez De La Torre, Santiago"]
[Black "Forcen Esteban, Daniel"]
[Result "0-1"]
[WhiteElo "2431"]
[BlackElo "2410"]
[PlyCount "94"]
[EventDate "2011.12.14"]

1. d4 Nf6 2. c4 c5 3. d5 e6 4. Nc3 exd5 5. cxd5 d6 6. g3 g6 7. Bg2 Bg7 8. Nf3
O-O 9. O-O a6 10. a4 Re8 11. Nd2 Nbd7 12. h3 Rb8 13. Nc4 Nb6 14. Na3 Bd7 15. e4
Qc7 16. Re1 Nc8 17. Qd3 Na7 18. Nc4 b5 19. axb5 Nxb5 20. Bd2 Nxc3 21. Bxc3 Bb5
22. b3 Nd7 23. Bxg7 Kxg7 24. Qc3+ f6 25. f4 Bxc4 26. bxc4 Rb6 27. Bf3 Reb8 28.
Bd1 Qc8 29. Bc2 Rb4 30. Ra3 Nb6 31. Bb3 Nd7 32. Re3 h6 33. h4 h5 34. Bc2 R8b6
35. Ra1 Rb2 36. Rf1 Qe8 37. g4 Ra2 38. gxh5 Rbb2 39. Rf2 Qh8 40. e5 Qxh5 41.
exf6+ Kf8 42. Qe1 Nxf6 43. Re6 Qxh4 44. Rxd6 Ng4 45. Rd8+ Qxd8 46. Rg2 Rxc2 47.
Rxg4 Qa5 0-1

[Event "5R. XXI Torneo Magistral de Elgoibar - Nazioarteko Xake Txapelketa Elgoibarko"]
[Site "Elgoibar"]
[Date "2011.12.17"]
[Round "5.2"]
[White "Mirzoev, Azer"]
[Black "Anton Guijarro, David"]
[Result "1-0"]
[WhiteElo "2510"]
[BlackElo "2469"]
[PlyCount "151"]
[EventDate "2011.12.14"]

1. d4 Nf6 2. Bg5 Ne4 3. Bf4 e6 4. e3 d5 5. Bd3 b6 6. Ne2 Bb4+ 7. c3 Bd6 8. Qa4+
Qd7 9. Qc2 Nf6 10. O-O c5 11. c4 Nc6 12. cxd5 exd5 13. Bb5 O-O 14. Nbc3 Bb7 15.
dxc5 bxc5 16. Rfd1 Bxf4 17. Nxf4 d4 18. Nce2 a6 19. Bxc6 Qxc6 20. exd4 g5 21.
d5 Qd6 22. Nh3 h6 23. f3 Rfe8 24. Ng3 Nxd5 25. Ne4 Qg6 26. Qb3 g4 27. Qxb7 gxh3
28. g3 Nf4 29. Rd6 Ne6 30. Qd5 Qg7 31. Qd2 Rad8 32. Qc3 Nd4 33. Rxd8 Rxd8 34.
Kh1 Qe5 35. Re1 Qf5 36. Nd2 Rd6 37. Re4 Re6 38. Qe3 Kh7 39. Rxe6 fxe6 40. Qe4
Qxe4 41. Nxe4 Nxf3 42. Nxc5 e5 43. b4 Kg6 44. a4 Kf7 45. a5 Nd4 46. Nxa6 Nc6
47. Kg1 Ke6 48. Kf2 Kd5 49. Ke3 Kc4 50. Ke4 h5 51. Nc5 Kxb4 52. Nd3+ Kxa5 53.
Nxe5 Ne7 54. Kf4 Kb5 55. Kg5 Kc5 56. Kxh5 Kd4 57. Ng4 Ke4 58. Kh4 Kf3 59. Kxh3
Nf5 60. Ne5+ Ke4 61. Ng6 Ne3 62. Nf4 Kf3 63. Ne6 Ke4 64. Kh4 Kf3 65. Kg5 Nf1
66. h4 Nxg3 67. Nc5 Ke3 68. Kg4 Ne2 69. h5 Nf4 70. h6 Ng6 71. h7 Kd4 72. Kf5
Nh8 73. Ne6+ Kd5 74. Nf4+ Kd6 75. Kf6 Kd7 76. Ng6 1-0

[Event "5R. XXI Torneo Magistral de Elgoibar - Nazioarteko Xake Txapelketa Elgoibarko"]
[Site "Elgoibar"]
[Date "2011.12.17"]
[Round "5.3"]
[White "Franco Alonso, Alejandro"]
[Black "Franco Ocampos, Zenon"]
[Result "0-1"]
[WhiteElo "2454"]
[BlackElo "2505"]
[PlyCount "111"]
[EventDate "2011.12.14"]

1. Nf3 d5 2. d4 Nf6 3. c4 c6 4. Nc3 dxc4 5. a4 e6 6. e3 c5 7. Bxc4 Nc6 8. O-O
Be7 9. Qe2 cxd4 10. Rd1 O-O 11. Nxd4 Nxd4 12. exd4 Re8 13. d5 Bd6 14. Be3 exd5
15. Nxd5 Ng4 16. h3 Nxe3 17. Nxe3 Be6 18. Qf3 Qe7 19. Bxe6 Qxe6 20. Rd5 b6 21.
Rad1 Bc5 22. Nf5 Bf8 23. Rd7 a5 24. R7d5 Qf6 25. b3 h6 26. Rd7 Rac8 27. R1d5
Qc6 28. Nd4 Qg6 29. Rf5 Re1+ 30. Kh2 Re7 31. Rdd5 Rce8 32. Rf4 Re4 33. Nf5 Rxf4
34. Qxf4 Qe6 35. Qf3 g6 36. Ne3 h5 37. Qd1 Bc5 38. Rd8 Bxe3 39. Rxe8+ Qxe8 40.
fxe3 Qxe3 41. Kh1 Kg7 42. Kh2 h4 43. Kh1 Kh6 44. Qd5 Kg7 45. Qc4 g5 46. Qd5 Kg6
47. Qd6+ f6 48. Qd1 Qe4 49. Qf1 Qe6 50. Qd1 Kf7 51. Qh5+ Ke7 52. Qh7+ Kd6 53.
Qc2 Qe1+ 54. Kh2 Qe3 55. Kh1 Qf4 56. Qd3+ {(Ilegible)} 0-1

[Event "5R. XXI Torneo Magistral de Elgoibar - Nazioarteko Xake Txapelketa Elgoibarko"]
[Site "Elgoibar"]
[Date "2011.12.17"]
[Round "5.4"]
[White "Astasio Lopez, David"]
[Black "Paunovic, Dragan"]
[Result "1/2-1/2"]
[WhiteElo "2321"]
[BlackElo "2528"]
[PlyCount "68"]
[EventDate "2011.12.14"]

1. d4 d6 2. Nf3 g6 3. e4 Nf6 4. Nbd2 Bg7 5. Bc4 O-O 6. O-O Nc6 7. c3 e5 8. dxe5
Nxe5 9. Nxe5 dxe5 10. Qe2 Nh5 11. Nf3 h6 12. Be3 Qf6 13. h3 Rd8 14. Rad1 Bd7
15. Bd5 c6 16. Bb3 Be6 17. Rxd8+ Rxd8 18. Rd1 Bxb3 19. axb3 Nf4 20. Bxf4 Rxd1+
21. Qxd1 Qxf4 22. Nd2 Qh4 23. Qe2 b5 24. Qd3 h5 25. Qd7 Qg5 26. b4 h4 27. Nb3
Qh5 28. Qc8+ Bf8 29. Nc5 Qd1+ 30. Kh2 Qd2 31. Nd7 Qf4+ 32. Kg1 Qc1+ 33. Kh2
Qf4+ 34. Kg1 Qc1+ 1/2-1/2

[Event "5R. XXI Torneo Magistral de Elgoibar - Nazioarteko Xake Txapelketa Elgoibarko"]
[Site "Elgoibar"]
[Date "2011.12.17"]
[Round "5.5"]
[White "Etchegaray, Patrice"]
[Black "Korneev, Oleg"]
[Result "1/2-1/2"]
[WhiteElo "2420"]
[BlackElo "2608"]
[PlyCount "93"]
[EventDate "2011.12.14"]

1. e4 c5 2. c3 Nf6 3. e5 Nd5 4. d4 cxd4 5. Nf3 e6 6. cxd4 d6 7. Bc4 Nb6 8. Bd3
dxe5 9. dxe5 Na6 10. Bg5 Be7 11. Bxe7 Qxe7 12. Nc3 O-O 13. O-O Rd8 14. Qe2 Nc5
15. Bc2 Bd7 16. Rad1 Be8 17. Nd4 Nba4 18. Bxa4 Nxa4 19. Nxa4 Bxa4 20. b3 Qb4
21. Qd2 Qxd2 22. Rxd2 Bc6 23. Rfd1 Bd5 24. f4 g6 25. Kf2 Rdc8 26. Rc2 a5 27. g4
Rxc2+ 28. Nxc2 a4 29. Ne3 axb3 30. axb3 Bxb3 31. Rd7 Rb8 32. g5 Ba4 33. Rd4 Bc6
34. Ng4 b5 35. Rb4 Kf8 36. Nf6 Ke7 37. h4 Ra8 38. Ke3 Ra3+ 39. Kd4 Rh3 40. Kc5
Rc3+ 41. Kd4 Rh3 42. Kc5 Be8 43. Nxh7 Rxh4 44. Nf6 Rh1 45. Nxe8 Kxe8 46. Rxb5
Rc1+ 47. Kd4 1/2-1/2

[Event "6R. XXI Torneo Magistral de Elgoibar - Nazioarteko Xake Txapelketa Elgoibarko"]
[Site "Elgoibar"]
[Date "2011.12.18"]
[Round "6"]
[Board "1.1"]
[White "Forcen Esteban, Daniel"]
[Black "Korneev, Oleg"]
[Result "1/2-1/2"]
[WhiteElo "2410"]
[BlackElo "2608"]
[PlyCount "83"]
[EventDate "2011.12.14"]
[EventRounds "9"]
[EventCountry "ESP"]

1. e4 c5 2. Nf3 e6 3. d4 cxd4 4. Nxd4 a6 5. Nc3 Qc7 6. g3 Bb4 7. Bd2 Nf6 8. Bg2
Nc6 9. Nb3 Be7 10. O-O d6 11. a4 b6 12. g4 Nd7 13. f4 h6 14. Be3 Bb7 15. Qe1 g5
16. f5 h5 17. fxe6 fxe6 18. Nd4 Nxd4 19. Bxd4 e5 20. Be3 Nf6 21. Bxg5 Nxg4 22.
Bxe7 Qxe7 23. h3 Nf6 24. Qe3 Rg8 25. Rf2 O-O-O 26. Qf3 Rdf8 27. Raf1 h4 28. Nd5
Bxd5 29. exd5 Rg3 30. Qe2 Kb7 31. Qc4 Rfg8 32. Kh1 R8g6 33. Qxh4 R3g5 34. Qc4
Qg7 35. Qc6+ Ka7 36. Rxf6 Rxf6 37. Rxf6 Rxg2 38. Rf7+ Qxf7 39. Kxg2 Qg6+ 40.
Kh2 Qf7 41. Kg2 Qg6+ 42. Kh2 1/2-1/2